000 00566nam a22002057a 4500
003 OSt
005 20150429112508.0
008 150424b xxu||||| |||| 00| 0 eng d
020 _a9788122410655
040 _cDDC
082 _222nd ed.
_a540 AHL 1997
100 _aAhluwalia, V.K
_94095
245 _aComprehensive experimental chemistry
260 _aNew Delhi;
_bNew Age,
_c1997
300 _axvi,358p;
_bill:
_c24cm
504 _aAppendices, & index included
650 _aExperimental Chemistry
_94096
700 _aGaghav, Sudha
_94097
942 _2ddc
_cO_SHELF
999 _c1554
_d1554